Thành - ngữ điển - tích - Danh - nhân từ - điển
محفوظ في:
| المؤلف الرئيسي: | |
|---|---|
| التنسيق: | كتاب |
| اللغة: | Undetermined |
| منشور في: |
Sài Gòn
Nxb. Gia Định
1966
|
| الموضوعات: | |
| الوسوم: |
إضافة وسم
لا توجد وسوم, كن أول من يضع وسما على هذه التسجيلة!
|
| Thư viện lưu trữ: | Trung tâm Học liệu Trường Đại học Cần Thơ |
|---|
| LEADER | 00524nam a2200169Ia 4500 | ||
|---|---|---|---|
| 001 | CTU_629 | ||
| 008 | 210402s9999 xx 000 0 und d | ||
| 082 | |a 495.9223 | ||
| 082 | |b Th107/T1 | ||
| 100 | |a Trịnh Vân Thanh | ||
| 245 | 0 | |a Thành - ngữ điển - tích - Danh - nhân từ - điển | |
| 245 | 0 | |c Trịnh Vân Thanh | |
| 260 | |a Sài Gòn | ||
| 260 | |b Nxb. Gia Định | ||
| 260 | |c 1966 | ||
| 650 | |a names, personal,terms and phrases | ||
| 980 | |a Trung tâm Học liệu Trường Đại học Cần Thơ | ||